The new home owner manual (Record no. 16203)

MARC details
000 -LEADER
fixed length control field 00532nam a2200205 i 4500
001 - CONTROL NUMBER
control field C2-0083984
003 - CONTROL NUMBER IDENTIFIER
control field PPAK
005 - DATE AND TIME OF LATEST TRANSACTION
control field 20180727085741.0
008 - FIXED-LENGTH DATA ELEMENTS--GENERAL INFORMATION
fixed length control field 970429s1982 enka|||| ||||| | eng d
040 ## - CATALOGING SOURCE
Original cataloging agency PPAK
Language of cataloging eng
Transcribing agency PPAK
Description conventions rda
082 04 - DEWEY DECIMAL CLASSIFICATION NUMBER
Classification number 643
Edition number 23
090 00 - LOCALLY ASSIGNED LC-TYPE CALL NUMBER (OCLC); LOCAL CALL NUMBER (RLIN)
Classification number (OCLC) (R) ; Classification number, CALL (RLIN) (NR) 643
Feature heading NEW
Feature heading R
245 04 - TITLE STATEMENT
Title The new home owner manual
264 #1 - PRODUCTION, PUBLICATION, DISTRIBUTION, MANUFACTURE, AND COPYRIGHT NOTICE
Place of production, publication, distribution, manufacture London :
Name of producer, publisher, distributor, manufacturer Hamlyn ,
Date of production, publication, distribution, manufacture, or copyright notice 1982
300 ## - PHYSICAL DESCRIPTION
Extent 880 pages :
Other physical details illustrations ;
Dimensions 20 cm
336 ## - CONTENT TYPE
Source rdacontent
Content type term text
337 ## - MEDIA TYPE
Source rdamedia
Media type term unmediated
338 ## - CARRIER TYPE
Source rdacarrier
Carrier type term volume
942 ## - ADDED ENTRY ELEMENTS (KOHA)
-- dc
Koha item type Book
Holdings
Withdrawn Not for loan Current library Shelving location Date acquired Full call number Barcode Date last seen Koha item type
  Not For Loan Perpustakaan Alor Setar Rujukan Dewasa 29/04/1998 R 643 NEW A00106681 08/05/2018 Book
  Not For Loan Perpustakaan Jitra Rujukan Dewasa 27/03/2004 R 643 NEW A00847039 08/05/2018 Book